Normal view
MARC view
Entry Personal Name
001 - CONTROL NUMBER
- control field: 50700
003 - CONTROL NUMBER IDENTIFIER
- control field: OSt
005 - DATE AND TIME OF LATEST TRANSACTION
- control field: 20250213163200.0
008 - FIXED-LENGTH DATA ELEMENTS
- fixed length control field: 250213|| aca||aabn | a|a d
040 ## - CATALOGING SOURCE
- Original cataloging agency: OSt
- Transcribing agency: OSt
100 ## - HEADING--PERSONAL NAME
- Personal name: Gardner, Camille and Henry, Peter Blair
670 ## - SOURCE DATA FOUND
- Source citation: Work cat.: (OSt)525543: Gardner, Camille and Henry, Peter Blair , The global infrastructure gap: Potential, perils, and a framework for distinction
